| 000 | 00800cam a22002533a 4500 | ||
|---|---|---|---|
| 001 | 20442 | ||
| 003 | PGUSA | ||
| 005 | 20140828083431.0 | ||
| 008 | 070125s2007||||xxu|||||s|||||000 | eng d | ||
| 040 |
_aPGUSA _beng |
||
| 042 | _adc | ||
| 050 | 4 | _aU | |
| 100 | 1 |
_aShoemaker, Henry W., _d1880-1958 |
|
| 245 | 1 | 2 |
_aA Catalogue of Early Pennsylvania and Other Firearms and Edged Weapons at "Restless Oaks", McElhattan, Pa. _h[electronic resource] / _cHenry W. Shoemaker |
| 260 |
_bProject Gutenberg, _c2007 |
||
| 506 | _aPublic domain in the USA. | ||
| 516 | _aElectronic text | ||
| 653 | _aWeapons -- Catalogs | ||
| 653 | _aFirearms -- Catalogs | ||
| 700 | 1 |
_aPiper, H. Beam, _d1904-1964 |
|
| 830 | 0 |
_aProject Gutenberg _v20442 |
|
| 856 | 4 | 0 | _uhttp://www.gutenberg.org/ebooks/20442 |
| 942 | _cEB | ||
| 999 |
_c249697 _d249697 |
||